| 000 | 00442ntaaa2200169 4500 | ||
|---|---|---|---|
| 003 | 01 | ||
| 005 | 20251027201937.0 | ||
| 008 | 0714s1973 ag 01 | ||
| 040 |
_aAR-BaBN _bspa _cAR-BaBN _eaacr _dRIC |
||
| 082 | _a245.0000 P16 | ||
| 100 |
_aPaine, Silas H. _918007 |
||
| 245 | _aStories of the Great Hymns of the Church | ||
| 250 |
_a1 ed. : _bFlexo Printing Company, _cc1926 |
||
| 300 | _a795 p. | ||
| 650 | _aHistoria de Himnos | ||
| 942 | _cBK | ||
| 999 |
_c14155 _d14155 |
||